[Event "Open"]
[Site "Olomouc CZE"]
[Date "2002.08.08"]
[Round "9"]
[White "Slaby,J"]
[Black "Balabaev,T"]
[Result "1-0"]
[WhiteElo "2323"]
[BlackElo "2441"]

1.e4 c5 2.Nf3 Nc6 3.Nc3 Nf6 4.Bb5 Nd4 5.e5 Nxb5 6.Nxb5 Nd5 7.Ng5 f5 8.O-O a6
9.Nc3 Nxc3 10.dxc3 e6 11.Qe2 Be7 12.Rd1 Qc7 13.Bf4 g6 14.Rd3 h6 15.Rh3 b6
16.Nf3 Bb7 17.Rxh6 Rxh6 18.Bxh6 O-O-O 19.Bf4 Qc6 20.Qe3 Rg8 21.h4 Qe4 22.Qxe4 Bxe4
23.Bg5 Bxg5 24.Nxg5 Bxc2 25.Nf7 Ba4 26.f3 Bc6 27.Kh2 Rf8 28.Nd6+ Kd8 29.Kg3 Ke7
30.Kf4 Rh8 31.g3 Kf8 32.Nc8 b5 33.Rd1 Kf7 34.Nd6+ Kg7 35.a3 a5 36.Rd2 Rb8
37.g4 Rh8 38.Rh2 fxg4 39.fxg4 Rf8+ 40.Kg5 Rf1 41.Ne8+ Kf7 42.Nf6 Re1 43.Kh6 d6
44.g5 dxe5 45.h5 gxh5 46.Rf2 Ke7 47.g6 e4 48.g7 e3 49.Re2 Rxe2 50.g8=Q Kxf6
51.Qg5+  1-0

[Event "It"]
[Site "Stockholm SWE"]
[Date "2002.08.08"]
[Round "6"]
[White "Carlsson,P"]
[Black "Yakovich,Y"]
[Result "0-1"]
[WhiteElo "2400"]
[BlackElo "2586"]

1.e4 c5 2.Nf3 Nc6 3.Nc3 d6 4.d4 cxd4 5.Nxd4 Nf6 6.Be2 g6 7.O-O Bg7 8.Be3 O-O
9.Qd2 Bd7 10.Rad1 Rc8 11.h3 a6 12.f4 b5 13.a3 Qc7 14.Nb3 Qb8 15.Bf3 b4 16.Nd5 bxa3
17.bxa3 Nxd5 18.exd5 Na7 19.Rb1 Nb5 20.Nd4 Bxd4 21.Bxd4 Qc7 22.Ba1 Nxa3 23.Rbc1 f6
24.Kh1 Nc4 25.Qe2 Rfe8 26.Be4 Qc5 27.Rfe1 Rb8 28.Bd3 Rb4 29.Bc3 Ra4 30.Rcd1 Ne3
31.Qxe3 Qxc3 32.Qa7 Qc8 33.c4 Rb4 34.c5 Bxh3 35.Rxe7 Bxg2+ 36.Kg1 Rxe7 37.Qxe7 Bxd5
38.Be2 Qxc5+ 39.Kf1 Rxf4+ 40.Ke1 Qc3+ 41.Rd2 Qg3+ 42.Kd1 Bb3+ 43.Kc1 Qe1+  0-1

[Event "6th HZ Open"]
[Site "Vlissingen NED"]
[Date "2002.08.08"]
[Round "6"]
[White "Tiviakov,S"]
[Black "Nilssen,J"]
[Result "1-0"]
[WhiteElo "2628"]
[BlackElo "2363"]

1.e4 c5 2.Nc3 Nc6 3.Bb5 e5 4.d3 d6 5.f4 exf4 6.Bxf4 Nf6 7.Nf3 Be7 8.O-O O-O
9.Bxc6 bxc6 10.e5 Nd5 11.exd6 Bxd6 12.Bxd6 Nxc3 13.Qe1 Qxd6 14.Qxc3 Be6 15.Qe5 Qd5
16.b3 Rae8 17.Rae1 f6 18.Qf4 Qd7 19.h3 Bd5 20.Nd2 Bf7 21.Qf2 Qd4 22.Re4 Qb2
23.Qxc5 Bd5 24.Rb1 Qxa2 25.Ra4 Qxb1+ 26.Nxb1 Re1+ 27.Kh2  1-0

[Event "Open"]
[Site "Davos SUI"]
[Date "2002.08.10"]
[Round "7"]
[White "Lommers,F"]
[Black "Hobuss,U"]
[Result "0-1"]
[WhiteElo "2202"]
[BlackElo "2394"]

1.e4 c5 2.Nc3 Nc6 3.Nge2 Nf6 4.d4 cxd4 5.Nxd4 e5 6.Ndb5 d6 7.a4 a6 8.Na3 Be7
9.Bg5 Nxe4 10.Nxe4 Bxg5 11.Nxd6+ Ke7 12.Nac4 Be6 13.Qh5 f6 14.Rd1 Nd4 15.Rxd4 exd4
16.h4 Bf4 17.Nf5+ Kf8 18.Qf3 Bxf5 19.Qxf4 Qe7+ 20.Kd1 Re8 21.Bd3 Bxd3 22.cxd3 b5
23.Nd6 Qe2+ 24.Kc1 Qe5 25.Qxe5 Rxe5 26.axb5 axb5 27.Kd2 Ke7 28.f4 Rc5 29.Ne4 Rc6
30.Re1 Kf7 31.Ke2 Ra8 32.Kf3 Ra2 33.f5 h5 34.g4 hxg4+ 35.Kxg4 b4 36.h5 b3
37.Rh1 Rxb2 38.h6 Kg8 39.h7+ Kh8 40.Ng3 Rg2 41.Kf3 Rxg3+ 42.Kxg3 Rc3 43.Rb1 Rxd3+
44.Kf4 Re3 45.Rb2 Kxh7 46.Rh2+ Kg8 47.Rd2 Re5 48.Rb2 Rb5 49.Ke4 Kf7 50.Kxd4 Rxf5
51.Rxb3 Re5  0-1

[Event "Stork Young Masters"]
[Site "Hengelo NED"]
[Date "2002.08.10"]
[Round "9"]
[White "Asauskas,H"]
[Black "Rainfray,A"]
[Result "1/2-1/2"]
[WhiteElo "2384"]
[BlackElo "2374"]

1.e4 c5 2.Nf3 Nc6 3.Nc3 Nf6 4.d4 cxd4 5.Nxd4 e5 6.Nf3 Bb4 7.Bc4 Nxe4 8.O-O Nd6
9.Bb3 O-O 10.Nd5 Ba5 11.c3 Nf5 12.Bg5 Qe8 13.Bc2 d6 14.Nh4 f6 15.Bxf6 Nxh4
16.Bxh4 Be6 17.b4 Qf7 18.Bb3 Bd8 19.Bxd8 Raxd8 20.f4 Ne7 21.Nxe7+ Qxe7 22.f5 Bxb3
23.axb3 a6 24.Ra5 Kh8 25.Rd5 Qc7 26.Qd3 b5 27.h3 h6 28.Kh1 Rc8 29.Rc1 Rf6
30.c4 bxc4 31.bxc4 Qb6 32.Qd2 Rcf8 33.c5 dxc5 34.bxc5 Qc7 35.Rd7 Qc8 36.Qd5 e4
37.c6 e3 38.c7 e2 39.Re1 Rxf5 40.Qd4 Rf1+ 41.Kh2 Qxd7 42.Qxd7 Rxe1 43.Qd2 Rd1
44.Qxe2 Rd7 45.Qxa6  1/2-1/2

[Event "ch-AUT"]
[Site "Oberpullendorf AUT"]
[Date "2002.08.10"]
[Round "1"]
[White "Stranz,R"]
[Black "Wallis,A"]
[Result "1-0"]
[WhiteElo "2257"]
[BlackElo "2137"]

1.e4 c5 2.Nc3 Nc6 3.Bb5 d6 4.Bxc6+ bxc6 5.d3 Nf6 6.f4 g6 7.Bd2 Rb8 8.b3 Bg7
9.Nf3 O-O 10.O-O Ng4 11.Qe1 d5 12.h3 Nf6 13.e5 Nd7 14.e6 Nb6 15.Ng5 f6 16.Nf7 Rxf7
17.exf7+ Kxf7 18.g4 f5 19.Qh4 Qh8 20.Rae1 Bf6 21.g5 Bd4+ 22.Kh2 Bd7 23.Ne2 Bg7
24.c4 Re8 25.Ng1 e6 26.Nf3 dxc4 27.dxc4 Bc8 28.Ne5+ Bxe5 29.Rxe5 Nd7 30.Re3 h6
31.Bc3 e5 32.fxe5 Rxe5 33.Rxe5 Nxe5 34.Qg3  1-0

[Event "6th HZ Open"]
[Site "Vlissingen NED"]
[Date "2002.08.10"]
[Round "8"]
[White "Willemze,T"]
[Black "Lukas,M"]
[Result "1/2-1/2"]
[WhiteElo "2253"]
[BlackElo "2088"]

1.e4 c5 2.Nc3 Nc6 3.Nf3 g6 4.d4 cxd4 5.Nxd4 Bg7 6.Be3 d6 7.Be2 Nf6 8.Nb3 Be6
9.f4 O-O 10.g4 Na5 11.g5 Ne8 12.Bd4 f6 13.h4 fxg5 14.fxg5 Nc6 15.Bxg7 Nxg7
16.Qd2 Nh5 17.Bxh5 gxh5 18.O-O-O Qe8 19.Nd5 Bxd5 20.exd5 Ne5 21.Nd4 Qa4 22.Kb1 Rac8
23.b3 Qa6 24.Ne6 Rf7 25.g6 Nxg6 26.Rhg1 Kh8 27.Qh6 Rxc2 28.a4 Rcf2 29.Qc1 Qe2
30.Qc8+ Rf8 31.Qc3+ R8f6 32.b4 Qa2+ 33.Kc1 Qxa4 34.Rdf1 Qa2 35.Ng5 Qe2 36.Re1 Qa2
37.Ne4 Rf3 38.Qd4 Qa3+ 39.Kd2 Qa2+ 40.Kc1  1/2-1/2

[Event "15th Open"]
[Site "Kiel GER"]
[Date "2002.08.12"]
[Round "4"]
[White "Petrosian,S"]
[Black "Kreuzholz,M"]
[Result "1-0"]
[WhiteElo "2392"]
[BlackElo "2318"]

1.e4 c5 2.Nf3 Nc6 3.Nc3 Nf6 4.d4 cxd4 5.Nxd4 e5 6.Ndb5 d6 7.Nd5 Nxd5 8.exd5 Nb8
9.c4 a6 10.Nc3 Be7 11.Be2 O-O 12.O-O Nd7 13.Qc2 f5 14.f4 Qc7 15.Kh1 g6 16.b4 Bf6
17.Rb1 Re8 18.Rb3 exf4 19.Bxf4 Ne5 20.c5 dxc5 21.Na4 c4 22.Re3 b5 23.d6 Qxd6
24.Bf3 Ra7 25.Rd1 Qf8 26.Rde1 Rae7 27.Bd5+ Kg7 28.Qd2 Ng4 29.Rxe7+ Rxe7 30.Nb6 Rxe1+
31.Qxe1 Bd4 32.h3 Nf6 33.Qd2 Qe7 34.Nxc8 Qd8 35.Bh6+  1-0

[Event "ch-AUT"]
[Site "Oberpullendorf AUT"]
[Date "2002.08.12"]
[Round "3"]
[White "Stranz,R"]
[Black "Gerhold,M"]
[Result "1/2-1/2"]
[WhiteElo "2257"]
[BlackElo "2183"]

1.e4 c5 2.Nc3 Nc6 3.Bb5 g6 4.Bxc6 bxc6 5.d3 Bg7 6.Bd2 d6 7.Nge2 f5 8.exf5 Bxf5
9.O-O Nh6 10.Qc1 Nf7 11.Ng3 Bd7 12.Nce4 Rb8 13.Rb1 e5 14.f4 O-O 15.f5 gxf5
16.Nxf5 Bxf5 17.Rxf5 Qe7  1/2-1/2

[Event "It"]
[Site "Tel Aviv ISR"]
[Date "2002.08.12"]
[Round "2"]
[White "Bar,R"]
[Black "Porat,S"]
[Result "1-0"]
[WhiteElo "2433"]
[BlackElo "2369"]

1.e4 c5 2.Nc3 Nc6 3.Bb5 Nd4 4.Bc4 e6 5.Nf3 Nf6 6.O-O a6 7.e5 d5 8.exf6 dxc4
9.fxg7 Bxg7 10.d3 cxd3 11.Qxd3 Bd7 12.Nxd4 cxd4 13.Ne4 O-O 14.Ng5 f5 15.Re1 Qb6
16.Qh3 h6 17.Nf3 Rf6 18.Bf4 Rg6 19.Be5 Kh7 20.Rad1 Rg8 21.g3 Qxb2 22.Bxg7 R6xg7
23.Nxd4 Qxa2 24.Nxf5 exf5 25.Rd6 Re8 26.Rxh6+ Kg8 27.Rh8+ Kf7 28.Qh5+ Rg6
29.Rhxe8 Bxe8 30.Qh7+ Kf8 31.Qe7+ Kg8 32.Qxe8+ Kg7 33.Re7+ Kf6 34.Rxb7 Qxc2
35.Qe7+  1-0

[Event "11th Open"]
[Site "Kavala GRE"]
[Date "2002.08.13"]
[Round "5"]
[White "Khamatgaleev,A"]
[Black "Ilic,S"]
[Result "1-0"]
[WhiteElo "2416"]
[BlackElo "2216"]

1.e4 c5 2.Nf3 Nc6 3.Nc3 e6 4.Bb5 Nd4 5.Bc4 d6 6.Nxd4 cxd4 7.Ne2 Qb6 8.O-O Nf6
9.d3 Be7 10.c3 dxc3 11.Nxc3 O-O 12.Be3 Qa5 13.Bb3 b5 14.Qd2 Kh8 15.f3 Nd7
16.a3 Ba6 17.Bd1 Rfc8 18.Be2 Qc7 19.d4 Qb7 20.Rfc1 d5 21.exd5 exd5 22.b4 Nf6
23.Rc2 Bd6 24.Bf4 Bxf4 25.Qxf4 Qb6 26.Rac1 Re8 27.g4 g5 28.Qxg5 Qxd4+ 29.Kg2 Rg8
30.Rd2 Qb6 31.Qe5 Rae8 32.Qd4 Qxd4 33.Rxd4 Re3 34.Kf2 Rge8 35.Bf1 h6 36.Nxb5 Bxb5
37.Bxb5 R8e7 38.a4 Rb3 39.Rc2 Kg7 40.Bd3 Ra3 41.a5 Ra1 42.Be2 Ra3 43.h4 Re5
44.Rdd2 Ra1 45.Rc7 Ra4 46.Rxa7 Rxb4 47.a6 Ra4 48.Rb7 d4 49.Bb5 Ra5 50.Bc4 Nd5
51.Rxd4 Nc3 52.Rxf7+  1-0

[Event "ADCF Masters"]
[Site "Abu Dhabi UAE"]
[Date "2002.08.14"]
[Round "3"]
[White "Mirzoeva,E"]
[Black "Mulla Jumma,T"]
[Result "1-0"]
[WhiteElo "2296"]
[BlackElo "2053"]

1.e4 c5 2.Nf3 Nc6 3.Nc3 g6 4.Bc4 Bg7 5.O-O d6 6.Re1 e6 7.d3 Nge7 8.Bg5 O-O
9.Qd2 a6 10.a4 Qb6 11.a5 Qxb2 12.e5 Nxe5 13.Nxe5 Bxe5 14.Rxe5 Qxa1+ 15.Re1 Qxe1+
16.Qxe1 Nc6 17.Bf6 h6 18.Qe3 Kh7 19.Ne4 d5 20.Ng5+ Kg8 21.Qh3 h5 22.g4 e5
23.Bxd5 Bxg4 24.Qe3 Rac8 25.Nxf7  1-0

[Event "ch-AUT"]
[Site "Oberpullendorf AUT"]
[Date "2002.08.14"]
[Round "5"]
[White "Herbst,D"]
[Black "Loidl,F"]
[Result "0-1"]
[WhiteElo "2172"]
[BlackElo "2233"]

1.e4 c5 2.Nc3 Nc6 3.Bb5 d6 4.f4 Bd7 5.a4 Nf6 6.Nf3 g6 7.O-O Bg7 8.d3 O-O
9.Bxc6 Bxc6 10.Qe1 a6 11.a5 e6 12.Bd2 Nd7 13.Nd1 d5 14.e5 f6 15.Qh4 fxe5
16.Qh3 exf4 17.Qxe6+ Kh8 18.h4 Qe8 19.Ng5 h6 20.Qxe8 Raxe8 21.Nh3 Bd4+ 22.Kh1 Be3
23.Nxf4 Bxf4 24.Rxf4 Rxf4 25.Bxf4 Re2 26.Nc3 Rxc2 27.Re1 Kg8 28.Re2 Rxe2
29.Nxe2 Bb5 30.Nc3 d4 31.Nxb5 axb5 32.Bxh6 Ne5 33.Kg1 Nxd3 34.b3 c4 35.bxc4  0-1

[Event "ch-AUT"]
[Site "Oberpullendorf AUT"]
[Date "2002.08.14"]
[Round "5"]
[White "Roth,Pe"]
[Black "Schweda,R"]
[Result "1/2-1/2"]
[WhiteElo "2319"]
[BlackElo "2336"]

1.e4 c5 2.Nc3 Nc6 3.Bb5 g6 4.Nf3 Bg7 5.Bxc6 bxc6 6.d3 Nf6 7.O-O O-O 8.Be3 d6
9.h3 Rb8 10.Rb1 Ne8 11.Qd2 e5 12.Bh6 Nc7 13.Bxg7 Kxg7 14.Nh2 Ne6 15.Ne2 f5
16.f4 exf4 17.exf5 Rxf5 18.Nxf4 Nxf4 19.Rxf4 Rxf4 20.Qxf4 Qf6 21.Qxf6+ Kxf6
22.b3 Be6 23.Rf1+ Ke7 24.Nf3 d5  1/2-1/2

[Event "It"]
[Site "Tel Aviv ISR"]
[Date "2002.08.14"]
[Round "6"]
[White "Livshits,G"]
[Black "Lerner,K"]
[Result "1-0"]
[WhiteElo "2380"]
[BlackElo "2536"]

1.e4 c5 2.Nc3 Nc6 3.Nge2 d6 4.d4 cxd4 5.Nxd4 Nf6 6.g3 g6 7.Bg2 Bd7 8.O-O Bg7
9.Nde2 O-O 10.h3 a6 11.Nd5 Nxd5 12.exd5 Ne5 13.Nd4 Bb5 14.Re1 Nd3 15.Nc6 bxc6
16.cxd3 cxd5 17.Bg5 Ra7 18.Bxd5 Bxb2 19.a4 Be8 20.Rb1 Bf6 21.Be3 Rd7 22.Bb6 Qc8
23.Qf3 Qc3 24.Rec1 Qe5 25.d4 Qf5 26.Qxf5 gxf5 27.Rc8 e6 28.Bc4 Rb7 29.Bxa6 Rxb6
30.Rxb6 Bxa4 31.Rxd6 Bb3 32.Rxf8+ Kxf8 33.Bb7 Ke7 34.Rb6 Bc4 35.Rb4 Ba2 36.Kf1 Kd7
37.Ke2 Be7 38.Rb2 Bc4+ 39.Ke3 h6 40.Bg2 Bg5+ 41.f4 Bd8 42.Bf3 Bf1 43.Bg2 Bc4
44.g4 fxg4 45.hxg4 Be7 46.Bf3 Bd6 47.Rh2 Bf8 48.Rh5 Bb3 49.Rb5 Ba4 50.Rb7+ Ke8
51.Ra7 Bd7 52.Ra6 Kd8 53.Bc6 Bc8 54.Ra7 f5 55.gxf5 exf5 56.Rf7 Be7 57.Rh7 Bf8
58.Bb5 Be6 59.d5 Bc5+ 60.Kd3 Bc8 61.Rxh6 Bb7 62.d6  1-0

[Event "ch-AUT"]
[Site "Oberpullendorf AUT"]
[Date "2002.08.16"]
[Round "7"]
[White "Herbst,D"]
[Black "Sandhoefner,F"]
[Result "1-0"]
[WhiteElo "2172"]
[BlackElo "2257"]

1.e4 c5 2.Nc3 Nc6 3.Bb5 Nd4 4.Bc4 g6 5.Nge2 Bg7 6.Nxd4 cxd4 7.Qf3 e6 8.Nb5 Be5
9.Qd3 Qb6 10.c3 a6 11.Nxd4 Ne7 12.Nf3 Bg7 13.Qe2 Qc7 14.Bb3 b5 15.O-O Bb7
16.d3 d5 17.e5 d4 18.cxd4 Nf5 19.d5 exd5 20.Bf4 O-O 21.d4 Qb6 22.Qd2 f6 23.Rfe1 Rae8
24.Rad1 a5 25.Bc2 Bc8 26.exf6 Bxf6 27.Be5 Nh4 28.Nxh4 Bxh4 29.Re2 b4 30.Qh6  1-0

[Event "ch-AUT"]
[Site "Oberpullendorf AUT"]
[Date "2002.08.16"]
[Round "7"]
[White "Stranz,R"]
[Black "Pilaj,H"]
[Result "1-0"]
[WhiteElo "2257"]
[BlackElo "2312"]

1.e4 c5 2.Nc3 Nc6 3.Bb5 Nd4 4.Bc4 e6 5.Nge2 g6 6.Nxd4 cxd4 7.Nb5 Qb6 8.c3 dxc3
9.dxc3 a6 10.Nd4 Bg7 11.O-O Ne7 12.Bb3 O-O 13.Be3 Qc7 14.Qd2 d6 15.Rad1 b5
16.Bh6 Qb6 17.Qg5 Ra7 18.Rd3 Kh8 19.Rfd1 Ng8 20.Bxg7+ Kxg7 21.Nc2 Qc5 22.Qe3 Nf6
23.f3 Qxe3+ 24.Nxe3 Ne8 25.a4 Rb7 26.a5 Bd7 27.Nc2 Kf6 28.Nb4 Ke7 29.e5 d5
30.Nxa6 Ra7 31.Nc5 Nc7 32.f4 Rxa5 33.g4 b4 34.cxb4 Rb5 35.Nxd7 Kxd7 36.Ba4 Ra8
37.Bxb5+ Nxb5 38.Rh3 Ra4 39.Rxh7 Ke7 40.f5 Rxb4 41.f6+ Ke8 42.h3 Re4 43.Ra1 Rxe5
44.Ra8+ Kd7 45.Rxf7+ Kd6 46.Rb7  1-0

[Event "Open"]
[Site "Birstonas LIT"]
[Date "2002.08.17"]
[Round "1"]
[White "Piesina,G"]
[Black "Tokmachev,V"]
[Result "1-0"]
[WhiteElo "2411"]
[BlackElo "2044"]

1.e4 c5 2.Nc3 Nc6 3.Bb5 e6 4.Nf3 Nge7 5.O-O Qc7 6.Re1 d6 7.d4 cxd4 8.Nxd4 a6
9.Nxc6 Nxc6 10.Bxc6+ bxc6 11.e5 d5 12.Na4 c5 13.c4 Bb7 14.cxd5 Bxd5 15.Nc3 Bb7
16.Qa4+ Bc6 17.Qc4 Be7 18.f3 O-O 19.Bf4 Rfd8 20.Rad1 Rd4 21.Rxd4 cxd4 22.Ne4 Qb6
23.b3 Bb5 24.Qc1 Bb4 25.Bd2 d3+ 26.Kh1 Bxd2 27.Qxd2 Rc8 28.Nd6 Rc2 29.Qf4 Qc7
30.h4 Rxa2 31.Rd1 f5 32.exf6 Qc2 33.Rg1 Qd2 34.Qg4 g5 35.Qxe6+ Kh8 36.Qc8+  1-0

[Event "Ron Banwell"]
[Site "Coulsdon ENG"]
[Date "2002.08.17"]
[Round "1"]
[White "Gormally,D"]
[Black "Barron,D"]
[Result "1-0"]
[WhiteElo "2525"]
[BlackElo "2074"]

1.e4 c5 2.Nc3 Nc6 3.Bb5 Nd4 4.Ba4 a6 5.d3 b5 6.Bb3 Nxb3 7.axb3 Bb7 8.Nf3 g6
9.d4 Bg7 10.dxc5 Bxc3+ 11.bxc3 Bxe4 12.O-O Qc7 13.Qd4 Nf6 14.Re1 Qc6 15.Bg5 O-O
16.Ne5 Qd5 17.Bxf6 Qxd4 18.cxd4 exf6 19.Nxd7 Bxc2 20.Nxf8 Kxf8 21.b4 Rd8
22.Re2 Bb3 23.Rd2 Ra8 24.d5 Ke7 25.Rd3 Bc4 26.d6+ Kd7 27.Rda3  1-0

[Event "ADCF Masters"]
[Site "Abu Dhabi UAE"]
[Date "2002.08.18"]
[Round "7"]
[White "Mirzoeva,E"]
[Black "Khalid AlShaali"]
[Result "1-0"]
[WhiteElo "2296"]
[BlackElo "2197"]

1.e4 c5 2.Nf3 Nc6 3.Nc3 e5 4.Bc4 g6 5.d3 Bg7 6.Ng5 Nh6 7.O-O d6 8.f4 O-O
9.f5 gxf5 10.exf5 Bxf5 11.Nxf7 Nxf7 12.Rxf5 Ne7 13.Bg5 Qd7 14.Rf2 h6 15.Qh5  1-0

[Event "ch-AUT"]
[Site "Oberpullendorf AUT"]
[Date "2002.08.18"]
[Round "9"]
[White "Stanec,N"]
[Black "Schweda,R"]
[Result "1/2-1/2"]
[WhiteElo "2523"]
[BlackElo "2336"]

1.e4 c5 2.Nc3 Nc6 3.Nf3 g6 4.d4 cxd4 5.Nxd4 Bg7 6.Nb3 Nf6 7.Be2 O-O 8.O-O a5
9.a4 d6 10.Re1 Nb4 11.Bg5  1/2-1/2

[Event "WY ol"]
[Site "Kuala Lumpur MAS"]
[Date "2002.08.21"]
[Round "3"]
[White "Ahmadinia,E"]
[Black "Fariz,S"]
[Result "1/2-1/2"]
[WhiteElo "2153"]
[BlackElo "2189"]

1.e4 c5 2.Nf3 Nc6 3.Nc3 e6 4.d4 d5 5.exd5 exd5 6.Be3 c4 7.g3 Nf6 8.Bg2 Bb4
9.Bd2 Bg4 10.Ne2 Bxd2+ 11.Qxd2 Ne4 12.Qf4 Bh5 13.O-O O-O 14.b3 b5 15.h4 Re8
16.Rfe1 h6 17.g4 Bg6 18.a3 Qd7 19.h5 Bh7 20.g5 hxg5 21.Nxg5 Nxg5 22.Qxg5 Bxc2
23.h6 f6 24.Bxd5+ Kh7 25.Bxc6 fxg5 26.Bxd7 Re7 27.Bxb5 cxb3 28.Nc3 b2 29.Rab1 Rxe1+
30.Rxe1 Rc8 31.Nb1 Kxh6 32.Kg2 Rd8 33.d5 Rxd5 34.Bc6 Rc5 35.Bb7 Bd3 36.Rd1 Bf5
37.Rh1+ Kg6 38.f3 Rc1 39.Be4 Rxh1 40.Bxf5+ Kxf5 41.Kxh1 Kf4 42.Kg2 Ke3 43.a4 a5
44.Kg3 Kd3 45.Na3 Kc3 46.Kf2 Kb3 47.Nb1 Kxa4 48.Ke2 Kb3 49.Kd3 a4 50.Nd2+ Kb4
51.Kc2 a3 52.Ne4 Kc4 53.Nxg5 Kd5 54.f4 Kd6 55.Ne4+ Ke6  1/2-1/2

[Event "Open"]
[Site "Nikea GRE"]
[Date "2002.08.21"]
[Round "3"]
[White "Petraki,M"]
[Black "Mastrokoukos,G"]
[Result "1-0"]
[WhiteElo "2100"]
[BlackElo "2357"]

1.e4 c5 2.Nc3 Nc6 3.Bb5 Nd4 4.Nf3 Nxb5 5.Nxb5 a6 6.Nc3 d6 7.d4 cxd4 8.Qxd4 e5
9.Qd3 h6 10.Nd2 Nf6 11.Nc4 Be6 12.Be3 Rc8 13.Nb6 Rc6 14.Nbd5 Be7 15.O-O O-O
16.Rad1 Nh7 17.f4 exf4 18.Bxf4 Bg5 19.Ne2 Bxd5 20.exd5 Rc5 21.Ng3 Bxf4 22.Rxf4 Nf6
23.c4 b5 24.Nf5 bxc4 25.Qf3 Nh7 26.Qg3 Qg5 27.Qf3 Qf6 28.Re1 Ng5 29.Qg3 Qxb2
30.h4 c3 31.hxg5 c2 32.Ne7+ Kh8 33.gxh6 c1=Q 34.hxg7+ Qxg7 35.Rh4+ Qgh6 36.Rxc1  1-0

[Event "XIV Open"]
[Site "Porto San Giorgio ITA"]
[Date "2002.08.21"]
[Round "2"]
[White "Sebastianelli,Da"]
[Black "Efimov,I"]
[Result "1-0"]
[WhiteElo "2221"]
[BlackElo "2463"]

1.e4 c5 2.Nc3 Nc6 3.Nf3 d6 4.d4 cxd4 5.Nxd4 Nf6 6.Be2 e5 7.Nb3 Be7 8.O-O O-O
9.Be3 Be6 10.Bf3 b5 11.Nxb5 Bc4 12.Be2 Bxe2 13.Qxe2 Nxe4 14.Qc4 Nc5 15.Nxc5 d5
16.Qg4 f5 17.Qa4 f4 18.Ne6 Qc8 19.Nxf8 fxe3 20.Qb3 Bxf8 21.Qxd5+ Kh8 22.fxe3 Ne7
23.Qxe5 Ng6 24.Qf5 Qb8 25.Rad1 Qb6 26.Nd4 Qxb2 27.Ne6 Be7 28.Rd8+ Rxd8 29.Nxd8 Qb6
30.Nf7+ Kg8 31.Nh6+  1-0

[Event "13th Summer Open"]
[Site "Recklinghausen GER"]
[Date "2002.08.22"]
[Round "6"]
[White "Kummerow,H"]
[Black "Schebler,G"]
[Result "0-1"]
[WhiteElo "2263"]
[BlackElo "2500"]

1.e4 c5 2.Nf3 Nc6 3.Nc3 g6 4.Bc4 Bg7 5.O-O d6 6.Re1 e6 7.d3 Nge7 8.Bf4 a6
9.a4 h6 10.Be3 Nd4 11.Bxd4 cxd4 12.Ne2 Nc6 13.c3 dxc3 14.Nxc3 Qb6 15.Qd2 O-O
16.Rab1 Qb4 17.Qc2 Bd7 18.Na2 Qb6 19.b4 Rfc8 20.a5 Qd8 21.Qd2 g5 22.Qe3 g4
23.Nd2 Qh4 24.Rec1 Bd4 25.Qg3 Qg5 26.Qxd6 Be5 27.Qxd7 Rc7 28.Qxc7 Bxc7 29.Nf1 Nd4
30.Nc3 h5 31.Re1 h4 32.Ne2 Be5 33.Kh1 Kg7 34.Ng1 Qf6 35.Ne3 Qg5 36.Rbc1 Rh8
37.Rf1 Qf4 38.g3 hxg3 39.Kg2 Rxh2+  0-1

[Event "Saraybahce GP"]
[Site "Kocaeli TUR"]
[Date "2002.08.23"]
[Round "7"]
[White "Duman,A"]
[Black "Shengelia,D"]
[Result "1-0"]
[WhiteElo "2155"]
[BlackElo "2421"]

1.e4 c5 2.Nc3 Nc6 3.Bb5 Nd4 4.Nf3 Nxb5 5.Nxb5 d6 6.d4 Nf6 7.Nc3 cxd4 8.Qxd4 Bg4
9.Bg5 Bxf3 10.gxf3 Qa5 11.Bd2 Rc8 12.O-O-O g6 13.Kb1 Bg7 14.Nd5 Qc5 15.Qxc5 Rxc5
16.Be3 Rc6 17.Bd4 a6 18.Rd3 Kf8 19.Bxf6 Bxf6 20.Rb3 b5 21.Nb4 Rb6 22.Nd5 Rc6
23.Nb4 Rb6 24.Nd5 Rb7 25.Ra3 Bd4 26.Rf1 e6 27.Nb4 Bc5 28.c3 Bxb4 29.cxb4 Rb6
30.Rc1 Kg7 31.Rc7 Rd8 32.Ra7 d5 33.e5 d4 34.R7xa6 Rxa6 35.Rxa6 Rd5 36.f4 Kf8
37.Rc6 Rd8 38.Kc1 d3 39.Rc5 Rd4 40.Rxb5 Rxf4 41.a4 Ke8 42.a5 Kd7 43.a6 Rc4+
44.Kd2 Rc8 45.Rb7+ Kc6 46.b5+ Kc5 47.a7 Kd4 48.Rd7+ Kc5 49.Rc7+  1-0

[Event "Open"]
[Site "Nikea GRE"]
[Date "2002.08.23"]
[Round "5"]
[White "Shavtvaladze,N"]
[Black "Grivas,E"]
[Result "0-1"]
[WhiteElo "2399"]
[BlackElo "2495"]

1.e4 c5 2.Nc3 Nc6 3.Nf3 e6 4.Bb5 Nge7 5.O-O Ng6 6.d4 cxd4 7.Nxd4 Qc7 8.Re1 Bd6
9.g3 Nxd4 10.Qxd4 a6 11.Be2 Be5 12.Qd3 b5 13.f4 Bxc3 14.bxc3 Bb7 15.Ba3 d5
16.e5 Ne7 17.Bxe7 Kxe7 18.Bf3 Rac8 19.Re3 Qb6 20.Kh1 Rhd8 21.Rae1 g6 22.Qd2 d4
23.cxd4 Rxd4 24.Qg2 Bxf3 25.Rxf3 Qc6 26.Rf2 Rc4 27.Rc1 b4 28.Kg1 Qxg2+ 29.Kxg2 a5
30.Kf1 h5 31.Ke1 h4 32.Kd1 hxg3 33.hxg3 Rc3 34.g4 Ra3 35.Ra1 Rc4 36.g5 Rcc3
37.Ke1 Rh3 38.Kd2 Rhf3 39.Ke2 Rxf2+ 40.Kxf2 Rc3 41.Rc1 Kd7 42.Ke2 Kc6 43.Kd2 Kd5
44.Rh1 Ke4 45.Rh7 Rc7 46.Rh4 Kf3  0-1

[Event "XIV Open"]
[Site "Porto San Giorgio ITA"]
[Date "2002.08.23"]
[Round "4"]
[White "Dragojlovic,A"]
[Black "Bottino,A"]
[Result "1/2-1/2"]
[WhiteElo "2351"]
[BlackElo "2068"]

1.e4 c5 2.Nf3 Nc6 3.Nc3 e6 4.Bb5 Nge7 5.O-O a6 6.Bxc6 Nxc6 7.d4 cxd4 8.Nxd4 Qc7
9.Re1 Bd6 10.g3 Nxd4 11.Qxd4 f6 12.Be3 Be5 13.Qb6 Qxb6 14.Bxb6 Bxc3 15.bxc3 O-O
16.c4 Rf7 17.Red1 h6 18.f4 f5 19.e5 g6 20.Rd6 Kg7 21.Kf2 g5 22.a4 Kh7 23.a5 Rg7
24.h3 Kg6 25.Kf3 Kh7 26.Rb1 Rg8 27.Rb3 Rg7 28.Kf2 Kg6 29.Rd4 Kf7 30.Rd6 Kg6  1/2-1/2

[Event "ch-FRA w"]
[Site "Val d'Isere FRA"]
[Date "2002.08.23"]
[Round "5"]
[White "Milliet,S"]
[Black "Marchadour,C"]
[Result "1-0"]
[WhiteElo "2173"]
[BlackElo "2081"]

1.e4 c5 2.Nc3 Nc6 3.Bb5 Nd4 4.Bc4 e6 5.Nf3 Nxf3+ 6.Qxf3 g6 7.d3 Bg7 8.Nb5 d6
9.Bf4 Be5 10.Qg3 f6 11.Nxd6+ Qxd6 12.Bxe5 Qxe5 13.f4 Qxb2 14.O-O Qd4+ 15.Kh1 Ne7
16.Rae1 e5 17.Qh4 exf4 18.e5 f5 19.Rxf4 Qc3 20.Bb5+ Bd7 21.Rc4 Qd2 22.Bxd7+ Kxd7
23.Rb1 g5 24.Qh5 b6 25.Rd1 Qe3 26.d4 Kc7 27.Qf7 Rae8 28.dxc5 bxc5 29.Qe6 Nc8
30.Qd7+ Kb8 31.Rb1+ Nb6 32.Qd6+ Ka8 33.Qc6+ Kb8 34.Rxb6+ axb6 35.Qxb6+ Kc8
36.Rxc5+ Kd7 37.Rc7+ Kd8 38.Qb8+  1-0

[Event "11th Open"]
[Site "Apolda GER"]
[Date "2002.08.24"]
[Round "4"]
[White "Hoepfl,T"]
[Black "Brueggemann,Jo"]
[Result "1-0"]
[WhiteElo "2272"]
[BlackElo "2410"]

1.e4 c5 2.Nf3 Nc6 3.Nc3 d6 4.d4 cxd4 5.Nxd4 Nf6 6.g3 e5 7.Nde2 Be7 8.Bg2 O-O
9.O-O Bg4 10.h3 Be6 11.Nd5 Qd7 12.Kh2 Rac8 13.c4 Bxd5 14.exd5 Na5 15.b3 b5
16.cxb5 Qxb5 17.Bd2 Nb7 18.Nc3 Qd3 19.Na4 Nd7 20.Be3 Qa6 21.Re1 Nbc5 22.Nxc5 Nxc5
23.b4 Nd7 24.Bf1 Qb7 25.Qa4 Nb6 26.Qa6 Qb8 27.Rad1 f5 28.a4 Rc7 29.Rc1 f4
30.gxf4 exf4 31.Bd4 Bg5 32.a5 Rxc1 33.Rxc1 f3 34.axb6 Bxc1 35.bxa7 Bf4+ 36.Kh1 Qa8
37.Qc6 Qd8 38.Bb6 Qf6 39.a8=Q Be5 40.Qce8  1-0

[Event "Saraybahce GP"]
[Site "Kocaeli TUR"]
[Date "2002.08.24"]
[Round "8"]
[White "Shanava,K"]
[Black "Yeke,S"]
[Result "1-0"]
[WhiteElo "2401"]
[BlackElo "2258"]

1.e4 c5 2.Nf3 Nc6 3.Nc3 e5 4.Bc4 Be7 5.d3 d6 6.Nd2 Nf6 7.Nf1 O-O 8.Ne3 Ne8
9.O-O Rb8 10.a3 a6 11.Ncd5 Bg5 12.b4 b5 13.Ba2 Be6 14.c3 g6 15.h3 Kh8 16.Kh2 Bh6
17.Bd2 Bg7 18.a4 f5 19.axb5 axb5 20.exf5 gxf5 21.f4 Ra8 22.Qf3 exf4 23.Nxf4 Bxa2
24.Qxc6 Nc7 25.Rae1 Be5 26.Kh1 Rc8 27.Qf3 Qh4 28.bxc5 dxc5 29.c4 bxc4 30.Nxc4 Bd4
31.Re2 Bb3 32.Be1 Qh6 33.Bf2 Bxf2 34.Qxf2 Nb5 35.Ne6 Bxc4 36.dxc4 Nc3 37.Re3 f4
38.Re5 Qf6 39.Qe1  1-0

[Event "Open"]
[Site "Nikea GRE"]
[Date "2002.08.24"]
[Round "6"]
[White "Georgiou,K"]
[Black "Trajkovic,P"]
[Result "0-1"]
[WhiteElo "2144"]
[BlackElo "2351"]

1.e4 c5 2.Nc3 Nc6 3.Bb5 Nd4 4.Bc4 e6 5.Nf3 Nxf3+ 6.Qxf3 d6 7.O-O Ne7 8.Bb5+ Bd7
9.Qg3 Nc6 10.Bxc6 Bxc6 11.d3 Qd7 12.f4 O-O-O 13.f5 e5 14.f6 g6 15.a3 Kb8
16.b4 b6 17.Be3 h5 18.Rfb1 cxb4 19.axb4 Bh6 20.Bxh6 Rxh6 21.b5 Bb7 22.Qe3 Rhh8
23.Rxa7 Kxa7 24.Ra1+ Kb8 25.Qxb6 Kc8 26.Ra4 d5 27.exd5 Qd6 28.Rc4+ Kb8 29.Rc6 Qa3
30.Qc7+ Ka8 31.Rb6 Rb8 32.Rc6 Rhc8 33.Qe7 Qa1+ 34.Nd1 Bxc6 35.dxc6 Qxd1+
36.Kf2 Qxc2+ 37.Ke1 Qc3+ 38.Kf2 Rxb5  0-1

[Event "Open"]
[Site "Padron ESP"]
[Date "2002.08.24"]
[Round "3"]
[White "Garcia Castro,P"]
[Black "Fernandez de Pablo,M"]
[Result "1-0"]
[WhiteElo "2353"]
[BlackElo "2223"]

1.e4 c5 2.Nc3 Nc6 3.Nge2 Nf6 4.g3 d5 5.exd5 Nd4 6.Bg2 Bg4 7.O-O Qd7 8.f3 Bf5
9.d3 Nxd5 10.Nxd5 Qxd5 11.g4 Bd7 12.f4 Qd6 13.Ng3 O-O-O 14.c3 Nc6 15.Ne4 Qc7
16.Nxc5 e5 17.Nxd7 Qxd7 18.Be4 g6 19.f5 Bc5+ 20.Kg2 Ne7 21.Bg5 h5 22.fxg6 fxg6
23.b4 Bb6 24.Rf7 Rde8 25.Qe2 hxg4 26.Raf1 g3 27.h4 Bf2 28.Bxg6 Qe6 29.Rf6 Qd5+
30.Qe4 Qxa2 31.R6xf2 gxf2 32.Rxf2 Qd5 33.Bxe8 Rxe8 34.Bxe7 Qxe4+ 35.dxe4 Rxe7
36.Kh3 Rd7 37.Rf3 Rd1 38.Kg4 Rg1+ 39.Kf5 Rh1 40.Kg5 Rg1+ 41.Kf5 Rh1 42.Kxe5 Rxh4
43.Rf7 Rh3 44.c4 Rc3 45.Kd4 Rc1 46.b5 Rd1+ 47.Kc5 Re1 48.Re7 Re2 49.e5 Rd2
50.e6 Re2 51.Kd6 Rd2+ 52.Ke5 Re2+ 53.Kf6 Rf2+ 54.Kg7 Re2 55.c5 Re1 56.Kf8 Re5
57.b6 axb6 58.cxb6 Rb5 59.Re8+  1-0